Vật liệu composit từ nhựa polyeste không no với sợi gai
Tổng quan lý thuyết. Thực nghiệm. Kết quả và thảo luận
Gespeichert in:
| 1. Verfasser: | |
|---|---|
| Weitere Verfasser: | |
| Format: | Buch |
| Sprache: | Vietnamese |
| Veröffentlicht: |
Đà Nẵng
Đại học Đà Nẵng
2004
|
| Schlagworte: | |
| Tags: |
Tag hinzufügen
Keine Tags, Fügen Sie den ersten Tag hinzu!
|
| Thư viện lưu trữ: | Mạng thư viện Đại học Đà Nẵng |
|---|
| LEADER | 01321nam a2200349 4500 | ||
|---|---|---|---|
| 001 | 000010511 | ||
| 003 | 6716 | ||
| 005 | 20111214141252.0 | ||
| 008 | 111214s2004 viesd | ||
| 041 | |a vie | ||
| 072 | |a Luận văn Thạc sĩ Khoa học | ||
| 082 | |a 620.118 |b NG-T | ||
| 100 | |a Nguyễn Bá Trung | ||
| 245 | |a Vật liệu composit từ nhựa polyeste không no với sợi gai |c Nguyễn Bá Trung | ||
| 260 | |a Đà Nẵng |b Đại học Đà Nẵng |c 2004 | ||
| 300 | |a 66tr. |c 29 cm | ||
| 500 | |a Luận văn Thạc sĩ Khoa học. Chuyên ngành: Hóa hữu cơ. Mã số: 60-44-27 | ||
| 520 | |a Tổng quan lý thuyết. Thực nghiệm. Kết quả và thảo luận | ||
| 653 | |a Hóa học | ||
| 653 | |a Luận văn Thạc sĩ | ||
| 653 | |a sợi gai | ||
| 700 | |a Đặng Văn Luyến |c GS.TSKH |e Hướng dẫn | ||
| OWN | |a LSP | ||
| AVA | |a UDN50 |b LSP |d 620.118 NG-T |e available |t Error 5001 Not defined in file expand_doc_bib_avail. |f 1 |g 0 |h N |i 0 |k 1 | ||
| 999 | |a From the UDN01 | ||
| AVA | |a UDN50 |b LSP |d 620.118 NG-T |e available |t Error 5001 Not defined in file expand_doc_bib_avail. |f 1 |g 0 |h N |i 0 |k 1 | ||
| TYP | |a Monograph | ||
| TYP | |a Printed language | ||
| 980 | |a Mạng thư viện Đại học Đà Nẵng | ||